Kamus peribahasa lengkap utusan / (Record no. 135)
[ view plain ]
| 000 -LEADER | |
|---|---|
| fixed length control field | nam a22 a 4500 |
| 003 - CONTROL NUMBER IDENTIFIER | |
| control field | AKMAL |
| 005 - DATE AND TIME OF LATEST TRANSACTION | |
| control field | 20170420111528.0 |
| 008 - FIXED-LENGTH DATA ELEMENTS--GENERAL INFORMATION | |
| fixed length control field | 170420s1993 my 00 may d |
| 020 ## - INTERNATIONAL STANDARD BOOK NUMBER | |
| International Standard Book Number | 9676103829 (kkt. ): |
| 040 ## - CATALOGING SOURCE | |
| Original cataloging agency | AKMAL |
| 082 04 - DEWEY DECIMAL CLASSIFICATION NUMBER | |
| Classification number | 398.99928 ABD |
| 090 ## - LOCALLY ASSIGNED LC-TYPE CALL NUMBER (OCLC); LOCAL CALL NUMBER (RLIN) | |
| Classification number (OCLC) (R) ; Classification number, CALL (RLIN) (NR) | 398.99928 |
| Local cutter number (OCLC) ; Book number/undivided call number, CALL (RLIN) | ABD |
| 100 ## - MAIN ENTRY--PERSONAL NAME | |
| Personal name | Abdullah Hassan, |
| Dates associated with a name | 1942- |
| 9 (RLIN) | 341 |
| 245 ## - TITLE STATEMENT | |
| Title | Kamus peribahasa lengkap utusan / |
| Statement of responsibility, etc. | Abdullah Hassan, Ainon Mohd. |
| 260 ## - PUBLICATION, DISTRIBUTION, ETC. | |
| Place of publication, distribution, etc. | Kuala Lumpur : |
| Name of publisher, distributor, etc. | Utusan Publications & Distributors , |
| Date of publication, distribution, etc. | 1993 |
| 300 ## - PHYSICAL DESCRIPTION | |
| Extent | 477ms. : |
| Dimensions | 22cm |
| 650 ## - SUBJECT ADDED ENTRY--TOPICAL TERM | |
| Topical term or geographic name entry element | Proverbs, Malay |
| Form subdivision | Dictionaries |
| 9 (RLIN) | 342 |
| 700 0# - ADDED ENTRY--PERSONAL NAME | |
| Personal name | Ainon Muhammad, |
| Dates associated with a name | 1950- |
| 9 (RLIN) | 343 |
| 942 ## - ADDED ENTRY ELEMENTS (KOHA) | |
| Source of classification or shelving scheme | |
| Koha item type | Book |
| Withdrawn status | Lost status | Source of classification or shelving scheme | Damaged status | Not for loan | Collection code | Home library | Current library | Shelving location | Date acquired | Inventory number | Total Checkouts | Full call number | Barcode | Date last seen | Price effective from | Koha item type |
|---|---|---|---|---|---|---|---|---|---|---|---|---|---|---|---|---|
| NON-FICTION | AKMAL Melaka | AKMAL Melaka | PINJAMAN | 20.04.2017 | 002637 | 398.99928 ABD | 201700267 | 20.04.2017 | 20.04.2017 | Book |
